Normal view
MARC view
- Cabigao, Jun Merete.
Entry Personal Name
001 - CONTROL NUMBER
- control field: 60480
003 - CONTROL NUMBER IDENTIFIER
- control field: OSt
005 - DATE AND TIME OF LATEST TRANSACTION
- control field: 20240910103522.0
008 - FIXED-LENGTH DATA ELEMENTS
- fixed length control field: 240910|| aca||aabn | a|a d
040 ## - CATALOGING SOURCE
- Original cataloging agency: OSt
- Transcribing agency: OSt
100 ## - HEADING--PERSONAL NAME
- Personal name: Cabigao, Jun Merete.
- Relator term: author.
670 ## - SOURCE DATA FOUND
- Source citation: Work cat.: (OSt): Cabigao, Jun Merete. author., Karanasan... isang pagkatuto /, September 2019.
